| 000 | 00876nam a22002897a 4500 | ||
|---|---|---|---|
| 003 | CHAP | ||
| 005 | 20220329140438.0 | ||
| 008 | 971013s1919 r 00010 d | ||
| 010 | _a52072 | ||
| 011 | _a53044 | ||
| 035 | _a57194 | ||
| 040 | _cCHAP | ||
| 090 | _aFolleto 8841 | ||
| 110 |
_aWinrock International Livestock Research and Training Center _9122292 |
||
| 245 | _aAnnual report, 19 - 19 | ||
| 260 |
_aMorrilton : _bArkansas, _c19 - 19 |
||
| 300 | _av. | ||
| 500 | _aLa biblioteca tiene: 1983 | ||
| 590 |
_aBATCH-UPD _b10 _c20130110 _lUCH01 _h1220 |
||
| 590 |
_aBATCH-UPD _b10 _c20130410 _lUCH01 _h0755 |
||
| 590 |
_aBATCH-UPD _b10 _c20130914 _lUCH01 _h1459 |
||
| 590 |
_aCONVERSION _b10 _c20130109 _lUCH01 _h1328 |
||
| 650 | 1 | 4 |
_aGanaderÃa _xInvestigación. _944756 |
| 901 | _aBK | ||
| 942 | _cFOLL | ||
| 949 |
_aFolleto 8841 _bBC _cFOLL _d-124565 _eTS1 _f1983 _i57194 _si |
||
| 999 |
_c52072 _d52072 |
||